[Event "Rewal op-B 16th"]
[Site "Rewal"]
[Date "2011.08.22"]
[Round "3"]
[White "Baryla, Lukasz"]
[Black "Wacior, Maciej"]
[Result "0-1"]
[WhiteElo "1860"]
[BlackElo "1664"]
[PlyCount "48"]
[EventDate "2011.08.18"]
[EventType "swiss"]
[EventRounds "9"]
[EventCountry "POL"]
[SourceTitle "CBM 144 Extra"]
[Source "ChessBase"]
[SourceDate "2011.10.28"]
[SourceVersion "1"]
[SourceVersionDate "2011.10.28"]
[SourceQuality "1"]

1. e4 c6 2. d4 d5 3. exd5 cxd5 4. Bd3 Nf6 5. c3 Bg4 6. Qb3 Qc7 7. Be3 e6 8. Nd2 Nc6 9. Ngf3 Bd6 10. Bg5 Nd7 11. Qc2 h6 12. Bh4 Be7 13. Bxe7 Nxe7 14. h3 Bh5 15. 0-0 Bg6 16. Rfe1 0-0 17. Ne5 Nxe5 18. Rxe5 Nf5 19. Nf3 Nxd4 20. Nxd4 Bxd3 21. Qxd3 Qxe5 22. Kf1 a6 23. Re1 Qc7 24. Re3 Qc4 0-1

[Event "POL-chT blind Gp-A"]
[Site "Mielno"]
[Date "2011.04.02"]
[Round "10.9"]
[White "Wojcieszyn, Zdzislaw"]
[Black "Baryla, Lukasz"]
[Result "1-0"]
[WhiteElo "2059"]
[BlackElo "1836"]
[PlyCount "59"]
[EventDate "2011.03.27"]
[EventType "team-tourn"]
[EventRounds "10"]
[EventCountry "POL"]
[SourceTitle "EXT 2019"]
[Source "ChessBase"]
[SourceDate "2018.10.10"]
[SourceVersion "1"]
[SourceVersionDate "2018.10.10"]
[SourceQuality "1"]

1. d4 d5 2. Nf3 Nf6 3. Bg5 e6 4. e3 c6 5. Bd3 Bd6 6. 0-0 Nbd7 7. c4 Nf8 8. Nc3 h6 9. Bh4 g5 10. Bg3 g4 11. Ne5 h5 12. Bh4 Be7 13. f3 N8d7 14. f4 Rh6 15. c5 Ng8 16. Bxe7 Nxe7 17. Qc2 f5 18. b4 Nxe5 19. fxe5 a6 20. a4 Ng6 21. Qd2 Qh4 22. Ne2 Qg5 23. Nf4 Nh4 24. b5 axb5 25. axb5 Rxa1 26. Rxa1 Ng6 27. Ra8 Nxf4 28. Rxc8+ Kd7 29. exf4 Qh4 30. Rg8 1-0

[Event "POL-chT blind Gp-A"]
[Site "Mielno"]
[Date "2011.03.30"]
[Round "6.9"]
[White "Baryla, Lukasz"]
[Black "Gastol, Antoni"]
[Result "1/2-1/2"]
[WhiteElo "1836"]
[BlackElo "1701"]
[PlyCount "67"]
[EventDate "2011.03.27"]
[EventType "team-tourn"]
[EventRounds "10"]
[EventCountry "POL"]
[SourceTitle "EXT 2019"]
[Source "ChessBase"]
[SourceDate "2018.10.10"]
[SourceVersion "1"]
[SourceVersionDate "2018.10.10"]
[SourceQuality "1"]

1. e4 d6 2. Bc4 Nf6 3. d3 g6 4. Ne2 Bg7 5. 0-0 Nc6 6. Nbc3 Na5 7. Bb3 Nxb3 8. axb3 0-0 9. f4 c6 10. Be3 Ng4 11. Bf2 Nxf2 12. Rxf2 Bg4 13. h3 Bxe2 14. Rxe2 e6 15. Kh1 Qh4 16. Qf1 Bd4 17. f5 Be5 18. Qf2 Qxf2 19. Rxf2 a6 20. Rd1 Bd4 21. Rf3 Kg7 22. Rb1 exf5 23. exf5 Bxc3 24. bxc3 Rae8 25. Rbf1 f6 26. Kg1 Re2 27. R3f2 Rfe8 28. fxg6 hxg6 29. c4 Rxf2 30. Kxf2 f5 31. d4 Re4 32. c3 Rf4+ 33. Ke2 Rxf1 34. Kxf1 1/2-1/2

[Event "POL-chT blind Gp-A"]
[Site "Mielno"]
[Date "2011.03.28"]
[Round "2.14"]
[White "Baryla, Lukasz"]
[Black "Migala, Andrzej"]
[Result "0-1"]
[WhiteElo "1836"]
[BlackElo "2078"]
[PlyCount "68"]
[EventDate "2011.03.27"]
[EventType "team-tourn"]
[EventRounds "10"]
[EventCountry "POL"]
[SourceTitle "EXT 2019"]
[Source "ChessBase"]
[SourceDate "2018.10.10"]
[SourceVersion "1"]
[SourceVersionDate "2018.10.10"]
[SourceQuality "1"]

1. e4 c5 2. Nf3 d6 3. d4 cxd4 4. Nxd4 Nf6 5. Nc3 a6 6. Be2 e5 7. Nb3 Be7 8. 0-0 0-0 9. Be3 Be6 10. Kh1 a5 11. a4 Nc6 12. f4 Nb4 13. f5 Bd7 14. Bg5 Bc6 15. Bxf6 Bxf6 16. Bc4 Rc8 17. Bd3 d5 18. exd5 Nxd5 19. Nxd5 Qxd5 20. Qg4 e4 21. Be2 Rfd8 22. Qg3 b6 23. Rf4 Kh8 24. Rff1 Bxb2 25. Rad1 Qe5 26. Qh4 Qf6 27. Qh5 Bxa4 28. Rf4 Rxd1+ 29. Bxd1 Bc6 30. Rh4 h6 31. Nd2 Rd8 32. Nf1 Rxd1 33. Qxd1 Qxh4 34. g3 e3+ 0-1